LEADER 00659nas a2200193 i 4500 001 000000237121 003 CaOOAMICUS 005 20141218000000.0 008 141218b1974 it uu u0 0ita r 013 $a216026 040 $aSeMil$bita 245 10$a1974 :$bagosto. 260 $aBrescia :$bQueriniana,$c1974. 300 $a130 p. ;$c22 cm. 773 0 $tServizio della Parola.$dBrescia : Queriniana, 1968.$w()3162 850 $aSeMil 852 $aSeMil$W1$xVenegono$y1$m40 6 60$j187467$B187467$CSeMilBibl$Z2$F198396 $85 996 $6245$a1974 :$bagosto$9(OLS)http://semarc/title/337939 996 $6260$aBrescia :$bQueriniana$9(OLS)http://semarc/publisher/29615 LEADER 00615nab a2200145 i 4500 001 000000270750 003 CaOOAMICUS 005 20090401000000.0 008 090401n xx uu u0 0und r 013 $a17548 040 $aSeMil$bita 245 10$aTempo di Pasqua. - 32 p. ; 24 cm. - (Ascolto e Annuncio ; Anno B, 5). - Titolo dalla prima pagina. 500 $a29 marzo 2009 - Supplemento. 773 0 $t[2009 : Gennaio-Giugno].$dBologna : Centro Editoriale Dehoniano, 2009.$w()177050 996 $6245$aTempo di Pasqua. - 32 p. ; 24 cm. - (Ascolto e Annuncio ; Anno B, 5). - Titolo dalla prima pagina.$9(OLS)http://semarc/title/359631